00832nam a2200253Ia 4500003000400000005001700004008004100021020001800062040000700080041001200087082001800099100002600117245004300143260004000186300003000226365001300256650002200269700002500291700003000316906006200346942001200408999001900420952013900439OSt20251024160254.0210423s2015 xx 000 0 und d a9788130919119 cAL aEnglish a801.97 bBARC aFrancis Barker984811 aColonial discourse postcolonial theory aNew DelhibViva Books Pvt Ltdc2015 avii,288p.bPBc23x15.2cm. b595cINR aLiterature984812 aHulme, Peter9242704 aIversen, Margaret9242705 aColonial ; discourse ; discoursse ; postcolonial ; theory 2ddccBK c169387d169387 001040708MAENGaSACPGbSACPGd2018-09-18eViva Books Pvt Ltdg595.00l0o801.97 BARCpPG015889r2022-08-24 00:00:00w2021-04-26yBK